| 000 | 00735nam a22002417a 4500 | ||
|---|---|---|---|
| 003 | OSt | ||
| 005 | 20140310182919.0 | ||
| 008 | 130129t xxu||||| |||| 00| 0 eng d | ||
| 020 | _a9712329992 | ||
| 050 |
_a PL6061 _b.B454 2000 |
||
| 082 |
_aFIL 371.3 _bB41 2000 |
||
| 245 |
_aAng sining at agham ng pagtuturo : aklat sa pamamaraan ng pagtuturo ng Filipino at sa Filipino _baklat sa pamamaraan ng pagtuturo ng Filipino at sa Filipino _c Belvez, Paz M. |
||
| 260 |
_aManila : _bRex Book Store, _c 2000. |
||
| 300 |
_a353 p. ; _c22 cm. |
||
| 521 | _acollege students | ||
| 526 | _c1210L-1700L | ||
| 541 | _j1 | ||
| 541 | _j2 | ||
| 541 | _j3 | ||
| 541 | _j4 | ||
| 562 | _e4 | ||
| 942 |
_2lcc _cBK _kFIL |
||
| 999 |
_c17331 _d17331 |
||